| 000 | 00840nam a22002657a 4500 | ||
|---|---|---|---|
| 008 | 240821b mp ||||| |||| 00| 0 mon d | ||
| 040 |
_aSE0153081 _bmon _cMN-UlNLM _dMN-UlNLM _erda |
||
| 041 | _amon | ||
| 084 |
_2NNA _a84.2Орос _bБ-823 |
||
| 100 | _aОссендовски Ф. | ||
| 245 | 0 | _aХүн араатан бурхан | |
| 245 | 0 | _b0 | |
| 245 | 0 | _cОрч.Ж.Нэргүй | |
| 250 | _a6 дахь.хэвл | ||
| 264 |
_aУБ _bЖиком Пресс _c2014 |
||
| 300 | _a299х | ||
| 336 |
_2rdacontent _atext _btxt |
||
| 337 |
_2rdamedia _aunmediated _bn |
||
| 338 |
_2rdacarrier _avolume _bnc |
||
| 505 | _tтууж; роман; эссе; яруу найраг | ||
| 650 | _a1921 оны аян замын эргэцүүлэл тэмдэглэл | ||
| 942 |
_2NNA _cBK |
||
| 999 |
_c1150653 _d1150710 |
||